[Event "FIDE World Rapid Team"]
[Site "London ENG"]
[Date "2025.06.13"]
[Round "12.4"]
[White "Rendle, Thomas E"]
[Black "Czopor, Maciej"]
[Result "1-0"]
[WhiteElo "2412"]
[BlackElo "2382"]
[EventDate "2025.06.11"]
[Board "3"]

1. d4 Nf6 2. c4 e6 3. g3 c5 4. d5 exd5 5. cxd5 d6 6. Nc3 g6 7. Bg2 Bg7 8.
Nf3 O-O 9. O-O a6 10. a4 Re8 11. Bf4 Nh5 12. Bg5 Qc7 13. Qc1 Nd7 14. Bh6
Bh8 15. h3 Rb8 16. g4 Nhf6 17. a5 b5 18. axb6 Qxb6 19. Nd2 Ne5 20. Ra2 Bd7
21. Bf4 Bb5 22. Qa1 h5 23. g5 Nfd7 24. Nde4 Bc4 25. Ra4 Bb3 26. Rxa6 Qb4
27. Bh2 Re7 28. Nxd6 Nb6 29. Ra7 Ned7 30. Nf5 gxf5 31. Bxb8 Nc8 32. d6 Re8
33. Rxd7 Qxb8 34. Rb7 Qxd6 35. Rxb3 c4 36. Qa4 Qd8 37. Qxc4 Qxg5 38. Nd5
Nd6 39. Qf4 Qg6 40. Rg3 1-0

[Event "FIDE World Rapid Team"]
[Site "London ENG"]
[Date "2025.06.13"]
[Round "12.4"]
[White "Willow, Jonah B"]
[Black "Purton, Ben J"]
[Result "1/2-1/2"]
[WhiteElo "2322"]
[BlackElo "2185"]
[EventDate "2025.06.11"]
[Board "4"]

1. e4 d6 2. d4 Nf6 3. Nc3 c6 4. f4 Qa5 5. Bd3 e5 6. Nf3 Bg4 7. dxe5 dxe5 8.
O-O Nbd7 9. h3 h5 10. f5 O-O-O 11. Be3 Bc5 12. Qe1 Qb6 13. Nd1 Bxf3 14.
Rxf3 Bxe3+ 15. Qxe3 Nc5 1/2-1/2

[Event "FIDE World Rapid Team"]
[Site "London ENG"]
[Date "2025.06.13"]
[Round "12.4"]
[White "Hryshchenko, Kamila"]
[Black "Kueh, Audrey"]
[Result "1-0"]
[WhiteElo "2054"]
[BlackElo "2098"]
[EventDate "2025.06.11"]
[Board "5"]

1. d4 Nf6 2. Bf4 e6 3. e3 c5 4. c3 b6 5. Nf3 Be7 6. h3 d6 7. Bd3 Ba6 8.
Bxa6 Nxa6 9. Qa4+ Qd7 10. Qxa6 cxd4 11. exd4 O-O 12. Qe2 Nd5 13. Bd2 Rac8
14. O-O b5 15. Na3 a6 16. Nc2 Nb6 17. Rad1 Na4 18. Bc1 Rc7 19. Nb4 a5 20.
Nd3 Rfc8 21. Bg5 Bf8 22. Rc1 h6 23. Be3 Qc6 24. Nh2 Qd5 25. Ra1 b4 26. Qd1
Nxb2 27. Nxb2 bxc3 28. Nd3 c2 29. Qg4 Qb5 30. Nf4 Qb2 31. Rac1 Qxa2 32. Nh5
Kh8 33. Ra1 Qb3 34. Rxa5 c1=Q 35. Bxc1 Rxc1 36. Ra7 e5 37. dxe5 dxe5 38.
Qf3 Rxf1+ 39. Nxf1 Qxf3 40. gxf3 Kg8 41. Ne3 g6 42. Nf6+ Kg7 43. Ned5 Bc5
44. Rb7 Bd4 45. Ne4 Rc2 46. Ne3 Rc6 47. Rd7 Re6 48. Nd6 Rf6 49. Ne8+ 1-0

[Event "FIDE World Rapid Team"]
[Site "London ENG"]
[Date "2025.06.13"]
[Round "12.4"]
[White "Barwick, Carmel"]
[Black "Morea, Georgiana-Steluta"]
[Result "1/2-1/2"]
[WhiteElo "1915"]
[BlackElo "1929"]
[EventDate "2025.06.11"]
[Board "6"]

1. e4 c5 2. Nf3 e6 3. g3 Nc6 4. Bg2 d6 5. O-O Nge7 6. c3 g6 7. d4 cxd4 8.
cxd4 Bg7 9. Nc3 O-O 10. Be3 a6 11. Qd2 Re8 12. a3 Na5 13. Qe2 b5 14. e5 Bb7
15. Bg5 Qb6 16. Rad1 Nc4 17. exd6 Nxd6 18. Bxe7 Rxe7 19. d5 Rae8 20. dxe6
Rxe6 21. Qd3 Nc4 22. Qc2 Rc8 23. Qb3 Rce8 24. a4 Na5 25. Qa2 b4 26. Nd5 b3
27. Qb1 Bxd5 28. Rxd5 Nc4 29. a5 Qb4 30. Rd7 Qxa5 31. h3 Ne5 32. Nxe5 Qxe5
33. Qd3 Qxb2 34. Bd5 R6e7 35. Bxb3 a5 36. Ba4 Rxd7 37. Qxd7 Rf8 38. Qc6 Qb4
39. Qd7 h5 40. h4 Bf6 41. Qc6 Kg7 42. Rd1 Rd8 43. Rxd8 Bxd8 44. Qc2 Qe1+
45. Kg2 Bf6 46. Qd3 Qb4 47. Qc2 Qc3 48. Qe4 Qd4 49. Qc6 Be7 50. Bb3 Qf6 51.
Qd5 Bb4 52. Qe4 Bc5 53. Qf3 Qxf3+ 54. Kxf3 Kf6 55. Ke2 Ke7 56. f3 f6 57. g4
hxg4 58. fxg4 f5 59. gxf5 gxf5 60. Kf3 Kf6 61. Bd1 Be7 62. Kg2 Ke5 63. h5
Bg5 64. Kf3 Bd2 65. Bc2 Kf6 66. Ke2 Bc1 67. Kf2 Kg5 68. Bd1 Bb2 69. Kg2 Bd4
70. Kf1 Kf4 71. h6 Ke3 72. h7 Kd2 73. Ba4 Kc3 74. Ke2 Kb4 75. Bd7 f4 76.
Kf3 Be5 77. h8=Q Bxh8 78. Kxf4 a4 79. Bxa4 1/2-1/2

[Event "FIDE World Rapid Team"]
[Site "London ENG"]
[Date "2025.06.13"]
[Round "12.5"]
[White "Bjerre, Jonas Buhl"]
[Black "Gan-Erdene, Sugar"]
[Result "1-0"]
[WhiteElo "2546"]
[BlackElo "2433"]
[EventDate "2025.06.11"]
[Board "1"]

1. e4 c5 2. Nf3 d6 3. Bc4 Nc6 4. O-O Nf6 5. Re1 e6 6. Bb5 Bd7 7. c3 a6 8.
Bf1 e5 9. h3 Be7 10. d4 cxd4 11. cxd4 exd4 12. Nxd4 O-O 13. Nc3 Re8 14. Bf4
Bf8 15. Nxc6 Bxc6 16. Qd4 Qa5 17. b4 Qh5 18. a4 Qg6 19. Bd3 Nh5 20. Be3 f5
21. Nd5 fxe4 22. Bc4 Kh8 23. Nc7 d5 24. Bf1 Rad8 25. Nxe8 Qxe8 26. b5 axb5
27. axb5 Bxb5 28. Bxb5 Qxb5 29. Reb1 Qc6 30. Rb6 Qc7 31. Rc1 Qf7 32. Qe5
Nf6 33. Rc7 Qe8 34. Qxe8 Nxe8 35. Rcxb7 Kg8 36. Bd4 Nd6 37. Rb8 Rxb8 38.
Rxb8 Kf7 39. Bc5 Be7 40. Kf1 h5 41. Ke2 Ke6 42. Bd4 Nf5 43. Rb6+ Kf7 44.
Bb2 h4 45. Be5 Bd8 46. Ra6 Be7 47. f3 exf3+ 48. Kxf3 g6 49. Bf4 Bf6 50. Kg4
Bd4 51. Bg5 Bf2 52. Ra2 Bg3 53. Bf4 Be1 54. Ra7+ Ke6 55. Ra6+ Kf7 56. Kg5
Bc3 57. Rxg6 Ng7 58. Rd6 Ne6+ 59. Kf5 1-0

[Event "FIDE World Rapid Team"]
[Site "London ENG"]
[Date "2025.06.13"]
[Round "12.5"]
[White "Bilguun, Sumiya"]
[Black "Jacobsen, Mikkel Manosri"]
[Result "0-1"]
[WhiteElo "2438"]
[BlackElo "2169"]
[EventDate "2025.06.11"]
[Board "2"]

1. e4 c5 2. Nc3 Nc6 3. Bb5 Nd4 4. Nf3 e6 5. Bc4 a6 6. Nxd4 cxd4 7. Ne2 Nf6
8. d3 Bc5 9. Bb3 d5 10. f3 O-O 11. Ng3 Bd6 12. O-O dxe4 13. fxe4 Nd7 14.
Nh5 Ne5 15. Qe1 Ng6 16. g3 Bd7 17. Qf2 Qa5 18. Nf4 Ne5 19. Qe2 Ba4 20. Bd2
Qb5 21. c4 dxc3 22. Bxa4 Qxa4 23. bxc3 Rac8 24. Kg2 b5 25. Rf2 b4 26. c4
Bc5 27. Rff1 Bd4 28. Rab1 a5 29. Bc1 Rfd8 30. Nh5 Bc3 31. Bg5 Rxd3 32. Nxg7
Kxg7 33. Qh5 Qc2+ 34. Kh3 Kg8 35. Rbc1 Qb2 36. Bf6 Rd2 37. Rh1 Rf2 38. Rxc3
Rxf6 39. Rcc1 Ng6 40. Rcf1 Rxf1 41. Rxf1 Qe5 42. Qf3 Rc7 43. Kg2 h5 44. h4
Kg7 45. Rf2 Rd7 46. Kh3 f6 47. c5 Rc7 48. Qd3 Qxc5 49. Qd8 Qxf2 50. Qxc7+
Kh6 51. Qc1+ Kg7 52. Qc7+ Kg8 53. Qd8+ Nf8 54. Qxa5 Qf3 55. Kh2 Qe2+ 56.
Kg1 Qe1+ 57. Kh2 Qf2+ 58. Kh1 Qxg3 59. Qxh5 Qe1+ 60. Kh2 Qxe4 61. Qb5 Qxh4+
62. Kg2 Qe4+ 63. Kf2 Qf5+ 64. Qxf5 exf5 0-1

[Event "FIDE World Rapid Team"]
[Site "London ENG"]
[Date "2025.06.13"]
[Round "12.5"]
[White "Muetsch, Annmarie"]
[Black "Batkhuyag, Munguntuul"]
[Result "0-1"]
[WhiteElo "2188"]
[BlackElo "2291"]
[EventDate "2025.06.11"]
[Board "3"]

1. e4 c5 2. Nf3 e6 3. d3 Nc6 4. Nbd2 d5 5. g3 Nf6 6. Bg2 e5 7. O-O Be7 8.
Re1 d4 9. a4 O-O 10. Nc4 Qc7 11. Nh4 g6 12. Bg5 Ne8 13. Qd2 Be6 14. f4 Bxc4
15. dxc4 exf4 16. gxf4 Bxg5 17. fxg5 Ne5 18. Qf4 Ng7 19. Ra3 Ne6 20. Qf1
Nxg5 21. Rg3 f6 22. Bh3 Rae8 23. Kh1 Qc6 24. Bg2 Qxa4 25. b3 Qd7 26. Qf4
Kg7 27. Rg1 Rf7 28. Bf1 Kh8 29. Bg2 a6 30. Bf1 b5 31. Kg2 bxc4 32. bxc4 a5
33. Bd3 a4 34. Ra1 Qc6 35. Kg1 Rb7 36. h3 Ra7 37. Ra3 Kg7 38. Ng2 Qb6 39.
h4 Qb1+ 40. Kh2 Ne6 41. Qd2 Qb2 42. Bf1 d3 43. Rc3 a3 44. Bxd3 a2 0-1

[Event "FIDE World Rapid Team"]
[Site "London ENG"]
[Date "2025.06.13"]
[Round "12.5"]
[White "Mungunzul, Bat-Erdene"]
[Black "Loftgaard, Mikkel Vinh"]
[Result "1-0"]
[WhiteElo "2285"]
[BlackElo "2160"]
[EventDate "2025.06.11"]
[Board "4"]

1. d4 Nf6 2. c4 e6 3. Nf3 d5 4. Bg5 Be7 5. Nc3 O-O 6. e3 h6 7. Bh4 Nbd7 8.
Rc1 c6 9. Bd3 dxc4 10. Bxc4 Nd5 11. Bg3 N7b6 12. Bb3 Bd7 13. O-O Rc8 14.
Ne4 Be8 15. Nc5 f5 16. Nxe6 Qd7 17. Nxf8 Bxf8 18. Ne5 Qe7 19. Qd3 Qf6 20.
f3 Kh8 21. e4 Nb4 22. Qd2 Rd8 23. a3 Na6 24. Rfd1 g5 25. exf5 Bg7 26. Qc2
h5 27. Ng6+ Bxg6 28. fxg6 Rxd4 29. Bf2 Rxd1+ 30. Rxd1 Nc7 31. Bd4 Qxd4+ 32.
Rxd4 Bxd4+ 33. Kh1 Kg7 34. Qf5 Bf6 35. a4 Ncd5 36. a5 Ne7 37. Qe6 Nbd5 38.
Qf7+ 1-0

[Event "FIDE World Rapid Team"]
[Site "London ENG"]
[Date "2025.06.13"]
[Round "12.5"]
[White "Jalving, August"]
[Black "Sodbilegt, Naranbold"]
[Result "0-1"]
[WhiteElo "1893"]
[BlackElo "1946"]
[EventDate "2025.06.11"]
[Board "5"]

1. e4 c5 2. Nf3 d6 3. d4 cxd4 4. Nxd4 Nf6 5. Nc3 a6 6. h3 e5 7. Nf3 Qc7 8.
g4 h6 9. a4 Nbd7 10. g5 hxg5 11. Nxg5 Nc5 12. Bc4 Be6 13. Bxe6 Nxe6 14.
Nxe6 fxe6 15. Bg5 O-O-O 16. Qf3 Be7 17. Bxf6 Bxf6 18. O-O-O Rdf8 19. Qg4
Qd7 20. Rd3 Rh4 21. Qg3 Qe7 22. Rhd1 Rd8 23. Kb1 g5 24. Qe3 Kb8 25. Qb6 d5
26. exd5 Rd6 27. Qe3 Rd4 28. dxe6 Qxe6 29. Ne4 Rd8 30. Rxd4 exd4 31. Qg3+
Ka8 32. Nxg5 Qf5 33. h4 Rc8 34. Qd3 Qf4 35. Ne4 Bh8 36. h5 Re8 37. f3 Qh2
38. Nc5 Qxh5 39. Ne4 Rf8 40. Rf1 Qe5 41. Nd2 Qf4 42. Nc4 Re8 43. Qg6 Rf8
44. Qd6 Qf5 45. Qb4 Rg8 46. a5 Qf4 47. Nd6 Rb8 48. Nc4 Rg8 49. Nb6+ Kb8 50.
Qc5 Rd8 51. Qh5 d3 52. cxd3 Qd2 53. Nd7+ Ka8 54. Nb6+ Ka7 55. Na4 0-1

[Event "FIDE World Rapid Team"]
[Site "London ENG"]
[Date "2025.06.13"]
[Round "12.5"]
[White "Enkhbayar, Genden"]
[Black "McCallum, Elliot"]
[Result "1-0"]
[WhiteElo "1837"]
[BlackElo "1831"]
[EventDate "2025.06.11"]
[Board "6"]

1. d4 d5 2. Nf3 Nf6 3. c4 c6 4. Nc3 e6 5. Bg5 dxc4 6. e4 b5 7. e5 h6 8. Bh4
g5 9. Nxg5 hxg5 10. Bxg5 Be7 11. exf6 Bxf6 12. Bxf6 Qxf6 13. g3 Bb7 14. Ne4
Qe7 15. Bg2 Na6 16. Qf3 O-O-O 17. O-O Rxd4 18. Rad1 Rhd8 19. Rxd4 Rxd4 20.
Qh5 c5 21. Ng5 Bxg2 22. Kxg2 Rd5 23. h4 f6 24. Qh7 Qxh7 25. Nxh7 Kd8 26.
Nxf6 Rd2 27. Rb1 Ke7 28. Ne4 Rd4 29. f3 Rd5 30. g4 Nb4 31. h5 Kf7 32. h6
Kg6 33. h7 Kxh7 34. Nf6+ Kg6 35. Nxd5 exd5 36. Kg3 d4 37. f4 c3 38. bxc3
dxc3 39. Kh4 Nxa2 40. Rf1 c2 41. f5+ Kf7 42. g5 c1=Q 43. Rxc1 Nxc1 44. Kh5
b4 45. Kh6 Nd3 46. Kh7 Nf2 47. g6+ Ke7 48. f6+ Kxf6 49. g7 b3 50. g8=Q b2
51. Qg7+ Ke6 52. Qxb2 Ne4 53. Kg6 c4 54. Qd4 Nd6 55. Kg5 c3 56. Kf4 c2 57.
Qc3 Kd5 58. Ke3 Nc4+ 59. Kd3 Ne5+ 60. Kxc2 Nc4 61. Kb3 Ne5 62. Kb4 Ke4 63.
Ka5 Kd5 64. Ka6 Nc6 65. Kb7 Nd4 66. Qa5+ Ke4 67. Qxa7 Kd5 68. Kb6 Ke4 69.
Qb7+ Ke5 70. Qc7+ Kd5 71. Qc5+ Ke4 72. Qc4 Ke5 73. Kc5 Ne6+ 74. Kb4 Nf4 75.
Qc7+ Ke4 76. Kc4 Kf3 77. Qf7 Ke4 78. Qe7+ Kf5 79. Kd4 Ne6+ 80. Kd5 Nf4+ 81.
Kd6 Kg4 82. Qg7+ Kf5 83. Qe5+ Kg4 84. Qe4 Kg5 85. Ke5 Ng6+ 86. Kd4 Kf6 87.
Qc6+ Kf5 88. Ke3 Ne5 89. Qe4+ Kf6 90. Qf4+ Ke6 91. Ke4 Nd7 92. Qf5+ Kd6 93.
Qd5+ Kc7 94. Kf5 Nb6 95. Qc5+ Kb7 96. Ke6 Nc8 97. Qb5+ Kc7 98. Qd7+ Kb8 99.
Qh7 Nb6 100. Kd6 Nc8+ 101. Kc6 Na7+ 102. Kb6 Nc8+ 103. Ka6 Nd6 104. Qd7 Ka8
105. Qa7# 1-0

[Event "FIDE World Rapid Team"]
[Site "London ENG"]
[Date "2025.06.13"]
[Round "12.6"]
[White "Schneider, Ilja"]
[Black "Turner, Matthew J"]
[Result "0-1"]
[WhiteElo "2429"]
[BlackElo "2506"]
[EventDate "2025.06.11"]
[Board "1"]

1. e4 e5 2. Nf3 Nc6 3. Bb5 a6 4. Ba4 Nf6 5. O-O Be7 6. Re1 b5 7. Bb3 d6 8.
a4 Bg4 9. c3 b4 10. d3 Na5 11. Bc2 b3 12. Bxb3 Nxb3 13. Qxb3 Bxf3 14. gxf3
Nh5 15. Be3 Rb8 16. Qc4 O-O 17. b4 Bg5 18. Kh1 Bf4 19. Rg1 Qh4 20. Bxf4
Qxf2 21. Bxe5 dxe5 22. Qa2 Qxf3+ 23. Qg2 Qxd3 24. Ra2 g6 25. Rd2 Qc4 26.
Qe2 Qxe2 27. Rxe2 Nf4 28. Rd2 c5 29. Rb2 cxb4 30. cxb4 Nd3 31. Rb3 Nxb4 32.
Nd2 Rfd8 33. Nc4 Nd3 34. Rgb1 Rxb3 35. Rxb3 Rd4 36. Ne3 Nf2+ 0-1

[Event "FIDE World Rapid Team"]
[Site "London ENG"]
[Date "2025.06.13"]
[Round "12.6"]
[White "Parker, Jonathan F"]
[Black "Fromm, Marius"]
[Result "1/2-1/2"]
[WhiteElo "2506"]
[BlackElo "2320"]
[EventDate "2025.06.11"]
[Board "2"]

1. d4 Nf6 2. c4 e6 3. Nc3 Bb4 4. Nf3 O-O 5. Bg5 c5 6. Rc1 cxd4 7. Nxd4 Nc6
8. e3 h6 9. Bh4 g5 10. Bg3 Ne4 11. Bd3 Bxc3+ 12. bxc3 Nxg3 13. hxg3 Kg7 14.
Qh5 Qf6 15. f4 Nxd4 16. cxd4 b6 17. O-O Bb7 18. Rc2 Qe7 19. Rcf2 f5 20. g4
Be4 21. Bxe4 fxe4 22. fxg5 hxg5 23. Rxf8 Rxf8 24. Rxf8 Kxf8 25. Qh8+ Kf7
26. Qh7+ Kf8 27. Qh8+ Kf7 28. Qh7+ Kf8 29. Qxe4 Qa3 30. Qe5 Qxa2 31. Qf6+
Ke8 32. Qg6+ Kd8 33. Qxg5+ Kc8 34. Qf6 Qe2 35. g5 Qe1+ 36. Kh2 Qh4+ 37. Kg1
Qe1+ 1/2-1/2

[Event "FIDE World Rapid Team"]
[Site "London ENG"]
[Date "2025.06.13"]
[Round "12.6"]
[White "Florstedt, Johannes"]
[Black "Dishman, Stephen"]
[Result "1-0"]
[WhiteElo "2334"]
[BlackElo "2266"]
[EventDate "2025.06.11"]
[Board "3"]

1. e4 c6 2. d4 d5 3. e5 c5 4. Nf3 cxd4 5. Qxd4 Nc6 6. Qf4 e6 7. Bd2 Qb6 8.
Nc3 Nge7 9. O-O-O Ng6 10. Qg3 Bd7 11. h4 h5 12. Bd3 Nge7 13. a3 O-O-O 14.
Qf4 Be8 15. Ng5 Qd4 16. Nb5 Qxe5 17. Nxa7+ Kb8 18. Nxc6+ Nxc6 19. Nxf7 Bxf7
20. Qxf7 Qf6 21. Qg6 Ne5 22. Qg3 Bd6 23. Bg5 Nxd3+ 24. Qxd3 Bf4+ 25. Bxf4+
Qxf4+ 26. Qd2 Qf6 27. f4 Rhf8 28. g3 e5 29. fxe5 Qxe5 30. Qd3 Qf5 31. Rhf1
Qxd3 32. cxd3 Kc7 33. Kd2 Kd6 34. Rde1 Rc8 35. d4 g6 36. Kd3 b6 37. Kd2 Ra8
38. Kd3 Rac8 39. a4 Ra8 40. b3 Rac8 41. Kd2 Ra8 42. Kc3 Rac8+ 43. Kb4 Rb8
44. Kb5 Rbc8 45. b4 Rb8 46. Rxf8 Rxf8 47. Re5 Rf3 48. Rg5 Rf6 49. Kxb6 1-0

[Event "FIDE World Rapid Team"]
[Site "London ENG"]
[Date "2025.06.13"]
[Round "12.6"]
[White "Lishoy Gengis Paratazham, Dildarav"]
[Black "Schulze, Lara"]
[Result "0-1"]
[WhiteElo "2035"]
[BlackElo "2211"]
[EventDate "2025.06.11"]
[Board "4"]

1. Nf3 Nf6 2. g3 b5 3. Bg2 Bb7 4. Na3 a6 5. c4 e6 6. b3 bxc4 7. bxc4 c5 8.
O-O Be7 9. Rb1 Bc6 10. Nc2 O-O 11. d4 cxd4 12. Ncxd4 Be4 13. Ra1 Qc7 14.
Be3 Ng4 15. Bf4 d6 16. h3 Nf6 17. Be3 Nbd7 18. Rc1 Rab8 19. Qd2 Nc5 20. Qc3
Rfc8 21. Rfd1 Qb7 22. Ne1 Na4 23. Qa1 Nb2 24. Rb1 Bxg2 25. Nxg2 Rxc4 26.
Bc1 Nxd1 27. Rxb7 Rxb7 28. Nb3 Nc3 29. Bb2 Nxe2+ 30. Kf1 Re4 31. Nd2 Reb4
32. Nb3 Re4 33. f3 Nxg3+ 34. Kf2 Re2+ 35. Kxg3 Nh5+ 36. Kh2 Nf4 37. Qc1
Rxg2+ 38. Kh1 Bf8 39. Qxf4 Rxb2 40. Qa4 Rc7 41. Kg1 Rcc2 42. Qxa6 Rb1+ 43.
Nc1 Rbxc1+ 44. Qf1 Rxf1+ 45. Kxf1 Rxa2 46. Kg1 d5 47. Kf1 d4 48. Ke1 d3 49.
Kd1 Bb4 50. Kc1 d2+ 51. Kd1 Ra1+ 52. Ke2 d1=Q+ 53. Kf2 Qe1+ 54. Kg2 Ra2#
0-1

[Event "FIDE World Rapid Team"]
[Site "London ENG"]
[Date "2025.06.13"]
[Round "12.6"]
[White "Rath, Alina"]
[Black "Dishman, Matthew"]
[Result "1-0"]
[WhiteElo "2038"]
[BlackElo "1901"]
[EventDate "2025.06.11"]
[Board "5"]

1. c4 Nf6 2. Nc3 c5 3. e4 Nc6 4. g3 g6 5. Bg2 Bg7 6. Nge2 O-O 7. O-O d6 8.
h3 a6 9. a4 Rb8 10. d3 Bd7 11. Be3 Ne8 12. Rb1 Nd4 13. b4 Nxe2+ 14. Nxe2
cxb4 15. Rxb4 Qc8 16. Kh2 f5 17. exf5 gxf5 18. Qb3 Bc6 19. Bxc6 Qxc6 20.
Rb6 Qd7 21. Rb1 Kh8 22. a5 e5 23. Rxb7 Rxb7 24. Qxb7 Qa4 25. Qb3 Qxa5 26.
Bb6 Qd2 27. Rb2 Qg5 28. Ra2 f4 29. g4 f3 30. Ng3 Nf6 31. Qd1 Nxg4+ 32. hxg4
Rf6 33. Kg1 Qxg4 34. Kf1 Rh6 35. Rxa6 Bf6 36. Be3 Rh2 37. Ke1 e4 38. Ra8+
Kg7 39. Qb3 Be5 40. Qb7+ Kf6 41. Rf8+ Kg6 42. Rg8+ Kf6 43. Rxg4 exd3 44.
Qxf3+ 1-0

[Event "FIDE World Rapid Team"]
[Site "London ENG"]
[Date "2025.06.13"]
[Round "12.6"]
[White "Regan, Natasha K"]
[Black "Ziems, Michael"]
[Result "0-1"]
[WhiteElo "1905"]
[BlackElo "1890"]
[EventDate "2025.06.11"]
[Board "6"]

1. Nf3 e6 2. c4 d5 3. g3 Nf6 4. Bg2 c5 5. O-O Nc6 6. b3 Be7 7. e3 O-O 8.
Bb2 d4 9. exd4 cxd4 10. Re1 Re8 11. a3 a5 12. d3 Bc5 13. Ne5 Nxe5 14. Rxe5
Qc7 15. Qe1 Ng4 16. Re2 e5 17. b4 Ba7 18. c5 Bf5 19. Qd1 Rad8 20. h3 Nf6
21. g4 Be6 22. Nd2 Nd5 23. Nc4 f6 24. Nxa5 Nf4 25. Rc2 Nxg2 26. Kxg2 Bd5+
27. f3 Bb8 28. Nc4 Qf7 29. Nd2 Qg6 30. Kf2 Qxd3 31. Rac1 e4 32. Nxe4 Bxe4
33. fxe4 Qg3+ 34. Kf1 Rxe4 35. Rg2 Rf4+ 36. Kg1 Qxh3 37. b5 Qe3+ 38. Kh1
Rf3 39. Rcc2 Rh3+ 40. Rh2 Bxh2 41. Rxh2 Qe4+ 42. Kg1 Rg3+ 43. Kf1 Qe3 44.
Rf2 Qe4 45. g5 Qh1+ 46. Ke2 Re3+ 47. Kd2 Rd3+ 0-1

[Event "FIDE World Rapid Team"]
[Site "London ENG"]
[Date "2025.06.13"]
[Round "12.7"]
[White "Rakotomaharo, Fy Antenaina"]
[Black "Kogan, Arthur"]
[Result "0-1"]
[WhiteElo "2404"]
[BlackElo "2455"]
[EventDate "2025.06.11"]
[Board "1"]

1. e4 c6 2. d4 d5 3. e5 Bf5 4. h4 h5 5. c4 e6 6. Nc3 Be7 7. Bf4 Nh6 8. g3
Nd7 9. cxd5 exd5 10. Bd3 Bg4 11. f3 Be6 12. Qc2 c5 13. dxc5 Nxc5 14. Rd1
Qa5 15. Ne2 Nxd3+ 16. Qxd3 Nf5 17. O-O O-O 18. Nxd5 Bc5+ 19. Kh2 Qxa2 20.
Nec3 Qb3 21. Ne4 Qxb2+ 22. Rd2 Qa3 23. g4 Bxd5 24. Qxd5 Be3 25. Ra2 Bxf4+
26. Kh3 hxg4+ 0-1

[Event "FIDE World Rapid Team"]
[Site "London ENG"]
[Date "2025.06.13"]
[Round "12.7"]
[White "Krivenko, Dion"]
[Black "Wanyama, Harold"]
[Result "0-1"]
[WhiteElo "2221"]
[BlackElo "2246"]
[EventDate "2025.06.11"]
[Board "2"]

1. Nc3 e5 2. Nf3 Nc6 3. d4 exd4 4. Nxd4 Nf6 5. Bg5 Be7 6. Nf5 Bf8 7. Nd5 d6
8. Bxf6 gxf6 9. Nd4 Be6 10. c4 Bg7 11. e3 O-O 12. Be2 f5 13. Nf4 Nxd4 14.
exd4 c5 15. d5 Bd7 16. O-O Bxb2 17. Rb1 Be5 18. Nd3 b6 19. Qd2 Bd4 20. Nf4
Qg5 21. Rb3 Kh8 22. Rg3 Qe7 23. Bd3 Be5 24. Rf3 Qg5 25. g3 Rg8 26. Kh1 Rae8
27. Qc2 Qg4 28. Qd1 Ba4 29. Bxf5 Bxd1 30. Bxg4 Bxf3+ 31. Bxf3 Bxf4 32. gxf4
Rg6 33. a4 Rf6 34. a5 Rxf4 35. Bh5 Re5 36. axb6 axb6 37. Bd1 Rxc4 38. Bf3
Rf4 0-1

[Event "FIDE World Rapid Team"]
[Site "London ENG"]
[Date "2025.06.13"]
[Round "12.7"]
[White "George Samir, David"]
[Black "Sason, Noam"]
[Result "1/2-1/2"]
[WhiteElo "2234"]
[BlackElo "2077"]
[EventDate "2025.06.11"]
[Board "3"]

1. e4 c5 2. Nf3 d6 3. d4 cxd4 4. Nxd4 Nf6 5. Nc3 g6 6. Be3 Bg7 7. f3 Nc6 8.
Qd2 O-O 9. g4 Be6 10. h4 Nxd4 11. Bxd4 Qa5 12. h5 Rab8 13. hxg6 fxg6 14. a3
b5 15. b4 Qd8 16. Bxb5 Qc7 17. Bd3 Rf7 18. Qh2 Bh8 19. Qd2 Bc4 20. Bxc4
Qxc4 21. Qd3 Rc8 22. Qxc4 Rxc4 23. Ne2 Rxc2 24. Rc1 Rxc1+ 25. Nxc1 e6 26.
Ne2 Nd7 27. Kf2 Ne5 28. Bxe5 Bxe5 29. Ke3 Rc7 30. Rd1 Rc6 31. f4 Bb2 32. b5
Rb6 33. a4 Ba3 34. g5 Kf7 35. Kd3 e5 36. fxe5 dxe5 37. Nc3 Be7 38. Nd5 Rd6
39. Rc1 Rd7 40. Rh1 Bxg5 41. Rxh7+ Ke6 42. Rh8 Bd8 43. Kc4 g5 44. Rh6+ Kf7
45. Rh7+ Ke6 46. Rh6+ Kf7 47. Rh7+ Ke6 48. Rh3 Rf7 49. Kc5 Rf1 50. Kc6 Ra1
51. Rh8 Ba5 52. Re8+ Kf7 53. Re7+ Kg6 54. Rxa7 Rxa4 55. b6 Rc4+ 56. Kb5
Bxb6 57. Kxb6 Rxe4 58. Kc5 g4 59. Ra8 Kg5 60. Rg8+ Kh4 61. Kd6 Re1 62. Rh8+
Kg3 63. Nf6 Kf3 64. Nxg4 Kxg4 65. Rg8+ Kf4 66. Rf8+ Ke4 67. Ra8 Rd1+ 68.
Ke6 Rd5 69. Ra4+ Rd4 70. Ra5 Rd8 1/2-1/2

[Event "FIDE World Rapid Team"]
[Site "London ENG"]
[Date "2025.06.13"]
[Round "12.7"]
[White "Blokhin, Sofia"]
[Black "Mhango, Banele"]
[Result "0-1"]
[WhiteElo "2099"]
[BlackElo "2136"]
[EventDate "2025.06.11"]
[Board "4"]

1. d4 Nf6 2. c4 g6 3. Nc3 Bg7 4. e4 d6 5. f3 O-O 6. Be3 Nc6 7. d5 Ne5 8.
Qd2 c6 9. O-O-O Qa5 10. Kb1 Qb4 11. a3 Qb3 12. Qc2 Qxc2+ 13. Kxc2 a6 14. b3
b5 15. dxc6 bxc4 16. b4 Be6 17. c7 Rfc8 18. f4 Neg4 19. Bb6 Nd7 20. h3 Nxb6
21. hxg4 Bxg4 22. Be2 Bd7 23. Nf3 Bc6 24. Nd4 Bd7 25. g4 Rxc7 26. f5 g5 27.
Rh5 h6 28. Nf3 Ba4+ 29. Nxa4 Nxa4 30. Rdh1 Nc3 31. f6 Bxf6 32. R1h2 Nxe2
33. Rxe2 Bg7 34. e5 dxe5 35. Nxe5 Rd8 36. Rh3 Rd5 37. Rhe3 a5 38. bxa5 Rxa5
39. Nf3 c3 40. Rxe7 Rxe7 41. Rxe7 Rxa3 42. Re8+ Kh7 43. Ne5 Bxe5 44. Rxe5
Ra4 45. Kxc3 Rxg4 46. Kd3 Rf4 47. Ke3 Kg6 48. Re8 h5 49. Rg8+ Kf5 50. Rg7
Kg4 0-1

[Event "FIDE World Rapid Team"]
[Site "London ENG"]
[Date "2025.06.13"]
[Round "12.7"]
[White "Quickpen, Deborah Ebimobo-Ere"]
[Black "Agafonov, Yuri Dr"]
[Result "1-0"]
[WhiteElo "2077"]
[BlackElo "1987"]
[EventDate "2025.06.11"]
[Board "5"]

1. c4 e6 2. g3 f5 3. Bg2 Nf6 4. d4 Bb4+ 5. Nd2 O-O 6. Nf3 d5 7. Qc2 c6 8.
a3 Bd6 9. O-O Nbd7 10. b4 Ne4 11. e3 g5 12. Nxe4 fxe4 13. Nd2 g4 14. b5 Rf7
15. cxd5 cxd5 16. Bb2 Nb6 17. Rac1 h5 18. a4 Nd7 19. Nb3 Nf6 20. a5 Nh7 21.
Bc3 Ng5 22. Rfd1 h4 23. Qe2 hxg3 24. fxg3 Nf3+ 25. Bxf3 gxf3 26. Qf1 f2+
27. Kg2 Qg5 28. Rd2 Qxe3 29. Rxf2 Rxf2+ 30. Qxf2 Qxf2+ 31. Kxf2 Bd7 32. b6
axb6 33. axb6 Ra2+ 34. Kg1 Kf7 35. Na5 Bc6 36. Be1 Ba3 37. Rb1 Bb2 38. Nxc6
bxc6 39. Bf2 Ba3 40. b7 Bd6 41. b8=Q Bxb8 42. Rxb8 Kf6 43. h4 Kf5 44. Rg8
Ra3 45. Rg5+ Kf6 46. Rg4 e3 47. Be1 e5 48. dxe5+ Kxe5 49. h5 d4 50. h6 Ra8
51. Kf1 c5 52. h7 Rh8 53. Rh4 c4 54. Ke2 Kd5 55. g4 Ke4 56. g5+ Kf5 57. Bg3
c3 58. Kd3 Kg6 59. Be5 1-0